书目信息 |
| 题名: |
牛津英汉双解数学词典
|
|
| 作者: | Clapham, , Christopher Clapham原 编 ;白先春 编译 | |
| 分册: | ||
| 出版信息: | 上海 上海外语教育出版社 2006.11 |
|
| 页数: | 400页 | |
| 开本: | 18cm | |
| 丛书名: | 牛津英语百科分类词典英汉双解版 | |
| 单 册: | ||
| 中图分类: | O-61 | |
| 科图分类: | ||
| 主题词: | 数学--shu xue--英语--汉语--词典 | |
| 电子资源: | ||
| ISBN: | 7-5446-0150-1 | |
| 000 | 01213nam 2200277 450 | |
| 001 | 012007946827 | |
| 005 | 20070428090936.59 | |
| 010 | @a7-5446-0150-1@dCNY24.00 | |
| 100 | @a20070116d2006 km y0chiy0120 ea | |
| 101 | 0 | @achi@aeng |
| 102 | @aCN@b310000 | |
| 105 | @ay z 000yy | |
| 200 | 1 | @a牛津英汉双解数学词典@Aniu jin ying han shuang jie shu xue ci dian@d= Oxford Dictionary of Mathematics with Chinese Translation@fChristopher Clapham原编@FChristopher Clapham yuan bian@g白先春编译@Gbai xian chun bian yi@zeng |
| 210 | @a上海@c上海外语教育出版社@d2006.11 | |
| 215 | @a400页@d18cm | |
| 225 | 2 | @a牛津英语百科分类词典英汉双解版@Aniu jin ying yu bai ke fen lei ci dian ying han shuang jie ban |
| 330 | @a本书为工具书,收录数学术语2000多条,提供术语的汉语译名。英汉双解版保留了英语原版的全部内容。 | |
| 410 | 0 | @12001 @a牛津英语百科分类词典英汉双解版 |
| 510 | 1 | @aOxford Dictionary of Mathematics with Chinese Translation@zeng |
| 606 | 0 | @a数学@Ashu xue@x英语@x汉语@j词典 |
| 690 | @aO-61@v4 | |
| 701 | 1 | @aClapham,@bChristopher@4编 |
| 701 | 0 | @aChristopher Clapham原@AChristopher Clapham yuan@4编 |
| 702 | 0 | @a白先春@Abai xian chun@4编译 |
| 801 | 0 | @aCN@c20070428 |
| 905 | @a10447@dO-61@eB140 | |
| 牛津英汉双解数学词典= Oxford Dictionary of Mathematics with Chinese Translation/Christopher Clapham原编/白先春编译.-上海:上海外语教育出版社,2006.11 |
| 400页;18cm.-(牛津英语百科分类词典英汉双解版) |
| ISBN 7-5446-0150-1:CNY24.00 |
| 本书为工具书,收录数学术语2000多条,提供术语的汉语译名。英汉双解版保留了英语原版的全部内容。 |
| ● |
| 相关链接 |
|
|
|
正题名:牛津英汉双解数学词典
索取号:O-61/B140
 
预约/预借
| 序号 | 登录号 | 条形码 | 馆藏地/架位号 | 状态 | 备注 |
| 1 | 235382 | 202353826 | 自科库401/401自科库 105排1列1层/ [索取号:O-61/B140] | 在馆 | |
| 2 | 235383 | 202353835 | 自科库401/401自科库 105排1列1层/ [索取号:O-61/B140] | 在馆 |